Elements in DNA, Proteins, and Vitamins 🧬 (Sudden Death) - Statistics

General Stats
  • This quiz has been taken 250 times
  • The average score is 3 of 7
Answers on the Grid
Answers color-coded by a green-red scale on the quiz's grid according to % correct below.
calcium
carbon
chlorine
cobalt
copper
helium
hydrogen
iron
magnesium
nitrogen
oxygen
phosphorus
potassium
silicon
sodium
sulfur
 
Answer Stats
Answer % Correct
carbon
79%
hydrogen
67%
oxygen
64%
nitrogen
56%
phosphorus
42%
sulfur
33%
cobalt
8%
No matching quizzes found
Score Distribution
Percent of People with Each Score
Percentile by Number Answered
Your Score History
You have not taken this quiz